LEADER 00860nam a2200217 i 4500 001 000000015278 003 CaOOAMICUS 005 20180830125442.0 008 180830s1855 it u000 u ita u 040 $aSeMil$bita 100 1 $aCassini, Francesco .$0(OLS)http://semarc/name/7107 245 13$aLa Terra Santa /$cdescritta dal padre Francesco Cassini da Perinaldo. 260 $aGenova :$bFratelli Ferrando,$c1855. 300 $a3 v. ;$c18 cm. 650 4$aTerra Santa - Descrizione e viaggi.$0(OLS)http://semarc/subject/2505 650 4$aPalestina - Descrizioni e viaggi.$0(OLS)http://semarc/subject/2506 774 0 $tTomo 1.$g1$w()230860 774 0 $tTomo 3.$g3$w()230861 774 0 $tTomo 2.$g2$w()230862 996 $6245$aLa Terra Santa$9(OLS)http://semarc/title/20252 996 $6260$aGenova :$bFratelli Ferrando$9(OLS)http://semarc/publisher/34108 LEADER 00585naa a2200157 i 4500 001 000000294385 003 CaOOAMICUS 005 20180831172505.0 008 180831n xx u000 u und u 013 $a1664 040 $aSeMil$bita 100 1 $aWolf, Ernst,$d<1902-1971>.$0(OLS)http://semarc/name/1932 245 10$aRudolf Bultmann pp. 21-35. 600 14$aBultmann, Rudolf <1884-1976>.$0(OLS)http://semarc/subject/4795 773 0 $tTheologen unserer Zeit.$dMünchen : C. H. Beck, 1968.$kBeck'sche Schwarze Reihe$w()43413 996 $6245$aRudolf Bultmann pp. 21-35.$9(OLS)http://semarc/title/370471